000 00679nam a2200193 i 4500
001 97457
003 ES-MaACL
005 20230906182114.0
007 t|
008 050712s1964 sp ||||1| spa d
100 1 _aMarcos de Lanuza, Julio.
_976527
245 1 0 _aEstudios sobre el corcho "quercus suber" /
_cpor Julio Marcos de Lanuza.
260 _aMadrid :
_bInstituto Forestal de Investigaciones y Experiencias,
_c1964.
300 _a144 p., 1 h. pleg., 7 lám. :
_bil. ;
_c24 cm.
650 4 _aAlcornoque.
_9149909
710 2 _aInstituto Forestal de Investigaciones y Experiencias.
_95059
852 _aES-MaACL
_jC-25814
_bR.54471
852 _aES-MaACL
_jC-25813
_bR.54326
999 _c97457
_d97457